00244nam a2200097Ia 4500008004100000100000900041245004300050260002900093942000700122999001700129190216s9999||||xx |||||||||||||| ||und|| aNull 0aHindi-Himachal Pradewsh Ke Lok Nrithya bMac Millian And Com. Ltd cBK c17463d17463